000 00607 a2200157 4500
020 _a0131844741
040 _aDLC
_bDLC
082 0 0 _a005.7126
100 1 _aBaker, Art
245 1 4 _aThe Windows NT device driver book: a guide for programmers
_ba guide for programmers
_cArt Baker.
260 _aUpper Saddle River, N.J. :
_bPrentice Hall PTR,
_cc1997.
300 _axix, 522 p. :
_bill. ;
_c24 cm. +
_e1 computer disk (3 1/2 in.)
538 _aSystem requirements for accompanying computer disk: Windows NT.
650 0 _aMicrosoft Windows NT device drivers (Computer programs)
942 _cBK
_k005.7126 BAK
_2ddc
999 _c6331
_d6331